ბათუმის შოთა რუსთაველის სახელმწიფო უნივერსიტეტის ბიბლიოთეკა

სალომე ავალიშვილი : (ბიბ.ჩანაწერი № 61928)

000 -ლიდერი
ფიქსირებული სიგრძის საკონტროლო ველი 00897nam a22002057a 4500
003 - საკონტროლო ნომრის იდენტიფიკატორი
საკონტროლო ველი Ge_BSU
005 - ბოლო ოპერაციის თარიღი და დრო
საკონტროლო ველი 20240611151208.0
008 - ფიქსირებული სიგრძის მონაცემთა ელემენტები - ზოგადი ინფორმაცია
ფიქსირებული სიგრძის საკონტროლო ველი 240611s1976 ge ||||| |||| 00| 0 geo d
041 ## - ენის კოდი
Language code of text/sound track or separate title geo
080 ## - უნივერსალური ათობითი კლასიფიკაციის ინდექსი
Universal Decimal Classification number 61(479.22)(092) თ-77
100 ## - მთავარი ჩანაწერი - პიროვნების სახელი
Personal name თოფურია, ი.
9 (RLIN) 22398
245 ## - ცნობა სათაურის შესახებ
Title სალომე ავალიშვილი :
Remainder of title [პარაზიტოლოგი] /
Statement of responsibility, etc ი. თოფურია, ჯ. ქორჩილავა.
264 ## - წარმოების, გამოცემის, დისტრიბუციის და სხვა ცნობები
გამოცემის, წარმოების, დისტრიბუციის... ადგილი თბილისი :
გამოცემის, წარმოების, დისტრიბუციის... სახელწოდება საბჭ. საქართველო,
გამოცემის, წარმოების, დისტრიბუციის... თარიღი 1976.
300 ## - ფიზიკური აღწერა
Extent 100 გვ. :
Other physical details 6 ფ. ილ. ;
Dimensions 16 სმ
653 ## - INDEX TERM--UNCONTROLLED
Uncontrolled term ავალიშვილი, სალომე
653 ## - INDEX TERM--UNCONTROLLED
Uncontrolled term ქართველი ექიმები
653 ## - INDEX TERM--UNCONTROLLED
Uncontrolled term პარაზიტოლოგია
700 ## - ADDED ENTRY--PERSONAL NAME
Personal name ქორჩილავა, ჯ.
Relator term ავტორი
9 (RLIN) 22399
942 ## - ADDED ENTRY ELEMENTS (KOHA)
Source of classification or shelving scheme
Koha item type წიგნი
ეგზემპლარები
ჩამოწერის სტატუსი დაკარგული ეგზემპლარის სტატუსი კლასიფიკაციის წყარო ან თაროზე გაწყობის სქემა დაზიანების სტატუსი არ გაიცემა მუდმივი მდებარეობა (დაცვის ადგილი) ამჟამინდელი ადგილსამყოფელი თაროზე განთავსების ადგილი შეძენის თარიღი ღირებულება, შესყიდვის ნორმალური ფასი სრული შენახვის შიფრი შტრიხკოდი ბოლო ოპერაციის თარიღი ეგზემპლარის მიმდევრობითი ნომერი (კეტერი?) ფასის ძალაში შესვლის თარიღი ეგზემპლარის სახეობა საჯარო შენიშვნა
          ბათუმის შოთა რუსთაველის სახელმწიფო უნივერსიტეტის მთავარი ბიბლიოთეკა ბათუმის შოთა რუსთაველის სახელმწიფო უნივერსიტეტის მთავარი ბიბლიოთეკა წიგნსაცავი 2024-06-11 0.82 61(479.22)(092) თ-77 68098 2024-06-11 68098 2024-06-11 წიგნი 82 თ.
          ბათუმის შოთა რუსთაველის სახელმწიფო უნივერსიტეტის მთავარი ბიბლიოთეკა ბათუმის შოთა რუსთაველის სახელმწიფო უნივერსიტეტის მთავარი ბიბლიოთეკა წიგნსაცავი 2024-06-11 0.82 61(479.22)(092) თ-77 68099 2024-06-11 68099 2024-06-11 წიგნი 82 თ.